Guess The Superheroes Real Identity - Statistics

General Stats
  • This quiz has been taken 32 times
    16 since last reset
  • The average score is 24 of 52
Answer Stats
Hint Answer % Correct
Spiderman Peter Parker
100%
Superman Clark Kent
94%
Hulk Bruce Banner
88%
Batman Bruce Wayne
88%
Captain America Steve Rogers
88%
Iron Man Tony Stark
88%
Flash Barry Allen
75%
Wonder Woman Diana Prince
75%
The Thing Benjamin Grimm
69%
Professor X Charles Xavier
69%
Green Lantern Hal Jordan
69%
Wolverine James Howlett
69%
Human Torch Johnathan Storm
69%
Mister Fantastic Reed Richards
69%
Invisible Woman Susan Storm
69%
Black Panther T'Challa
69%
Aquaman Arthur Curry
63%
Shazam Billy Batson
63%
Antman Scott Lang
63%
Batgirl Barbara Gordon
56%
Hawkeye Clint Barton
56%
Robin Damian Wayne
56%
Quicksilver Pietro Maximoff
56%
Thor Thor Odinson
56%
Scarlet Witch Wanda Maximoff
56%
Captain Marvel Carol Danvers
50%
Wasp Janet Van Dyne
50%
Cyclops Scott Summers
50%
Falcon Sam Wilson
44%
Cyborg Victor Stone
44%
Beast Boy Garfield Logan
38%
Spiderman 2099 Miguel o'hara
38%
Ironheart Riri Williams
31%
Ghost Spider Gwendolyn Stacy
25%
Blue Beetle Jaime Reyes
25%
Silver Surfer Norrin Radd
25%
Storm Ororo Munroe
25%
Gambit Remy LeBeau
25%
Black Widow Natalia Romanova
19%
Plastic Man Patrick O'Brian
19%
Iceman Robert Drake
19%
Sentry Robert Reynolds
19%
Swamp Thing Alec Holland
13%
Hawkman Carter Hall
13%
Peacemaker Christopher Smith
13%
Doctor Manhattan Jonathan Osterman
13%
Hawkgirl Kendra Saunders
13%
Boostergold Michael Carter
13%
Animal man Bernhard Baker
6%
3-D Man Charles Chandler
6%
Punisher Francis Castle
6%
Metamorpho Rex Mason
6%
No matching quizzes found
Score Distribution
Percent of People with Each Score
Percentile by Number Answered
Your Score History
You have not taken this quiz since the last reset